[Event "Fagernes GM Swiss 2020"]
[Site "Fagernes"]
[Date "2020.10.11"]
[Round "9.13"]
[White "Oye-Stromberg, Alexander"]
[Black "Eliseev, Sergey"]
[Result "0-1"]
[WhiteElo "2048"]
[BlackElo "2025"]
[Annotator "TA"]
[PlyCount "96"]
[EventDate "2020.10.04"]
[EventType "swiss"]
[EventCountry "NOR"]
[SourceTitle "playchess.com"]
[Source "ChessBase"]
[SourceQuality "1"]

{[%evp 18,96,-16,-13,-18,-25,-7,-35,-25,-40,-11,-38,-27,-160,-156,-152,-164,-153,-161,-216,-228,-206,-129,-147,-109,-182,-171,-265,-110,-136,-122,-114,-112,-118,-116,-236,-104,-105,-106,-107,-106,-85,-38,-43,-36,-37,-20,-181,-20,-141,-142,-493,-400,-447,-425,-585,-426,-529,-506,-383,-156,-164,-14,-420,-360,-612,-612,-1085,-891,-1323,-1009,-974,-954,-29982,-29983,-29983,-29984,-29984,-29985,-29984,-29985]} 1. e4 c5 2. Nc3 Nc6 3. g3 g6 4. Bg2 Bg7 5. d3 d6 6. Be3 Rb8 7. Qd2 b5 {[%cal Bb7b5,Bb5b4][%mdl 32]} 8. Nge2 b4 9. Nd1 Nd4 10. O-O h5 {B26: Closed Sicilian: 3 g3, lines with early Be3.} 11. h4 e6 12. Nf4 Ne7 {[#] Black is slightly better.} 13. c3 $146 ({Predecessor:} 13. Nh3 a5 14. c3 Ndc6 15. d4 cxd4 16. cxd4 d5 17. exd5 Nxd5 18. Rc1 Bb7 19. Re1 {0-1 (26) Kovacova,Z (2075)-Abreu Delgado,A (2436) Bermuda 2005}) 13... e5 (13... Ndc6 {is interesting.} 14. Ne2 Ba6 15. b3 bxc3 16. Ndxc3 O-O) 14. cxd4 exd4 15. Nxh5 (15. a3 $11) 15... gxh5 $17 ({Stronger than} 15... Rxh5 16. Bf4 $11) 16. Bg5 f6 17. Bf4 Ng6 18. Qe2 (18. Bh1 $142) 18... Nxf4 $19 19. gxf4 Qe7 20. Re1 Bg4 21. f3 (21. Bf3 $17 {was called for.}) 21... Bd7 22. e5 (22. a3 $142) 22... f5 ({Don't play} 22... dxe5 23. a3 $19) (22... fxe5 $19 {has better winning chances. ...0-0 is the strong threat.} 23. fxe5 dxe5) 23. exd6 $17 {[%csl Gd6,Ge1][%cal Re2e7]} Qxe2 24. Rxe2+ {[#]} Kd8 $1 25. Rc1 Rc8 26. Re5 (26. Rec2 $17) 26... Bf8 (26... Bxe5 $19 27. fxe5 f4) 27. Rexc5 Rxc5 28. Rxc5 Bxd6 29. Ra5 Ke7 30. Rxa7 Rc8 31. Bh3 Rc5 {[%mdl 1024] Black has compensation.} 32. a4 $2 (32. Nf2 $11) 32... Ke6 $2 ({Better is} 32... Bxf4 $19 {Threatens to win with ...Kd6.} 33. Nf2 Kd8) 33. Kf1 (33. Nf2 $11 {keeps the balance.}) 33... Bc6 34. Bg2 $2 {[%mdl 8192]} (34. Kf2 $17) 34... Rc1 35. Ke1 Bxf4 36. b3 Rc2 37. Kf1 Rd2 {[%mdl 64] Double Attack} 38. Nf2 Bg3 (38... Kd6 $19 {is more deadly. Strongly threatening ...Be3.} 39. Nh3 Be3) 39. Nh3 Rxd3 ({Black should play} 39... Bd5 $19 40. Rg7 Bh2 41. Ng5+ Kf6) 40. Ng5+ $2 {[%mdl 8192]} (40. Rg7 $1 $11) 40... Kd6 $19 41. Nf7+ $2 (41. Bh3 Re3 42. Bxf5 Bxh4 43. Nf7+ Kc5 44. Ra5+ Kb6 45. Re5 Rxf3+ 46. Ke2) 41... Kc5 {And now ...Re3 would win.} 42. Ra5+ Kb6 43. Rxf5 Rxb3 {Hoping for ...d3.} 44. a5+ Kc7 45. Kg1 d3 {Black mates.} 46. Bf1 {[#]} Rb1 $1 {[%mdl 512]} 47. Kg2 d2 48. Be2 Re1 {Accuracy: White = 26%, Black = 55%.} 0-1

[Event "Fagernes GM Swiss 2020"]
[Site "Fagernes"]
[Date "2020.10.11"]
[Round "9.14"]
[White "Holleland, Sigve"]
[Black "Krivenko, Dion"]
[Result "1-0"]
[WhiteElo "2133"]
[BlackElo "2047"]
[Annotator "TA"]
[PlyCount "51"]
[EventDate "2020.10.04"]
[EventType "swiss"]
[EventCountry "NOR"]
[SourceTitle "playchess.com"]
[Source "ChessBase"]
[SourceQuality "1"]

{[%evp 23,51,92,87,85,162,166,158,183,277,282,266,260,310,298,295,304,371,364,357,360,356,343,460,454,451,401,568,506,491,465]} 1. Nf3 Nf6 2. c4 g6 3. Nc3 Bg7 4. e4 d6 5. Be2 e5 6. d4 exd4 7. Nxd4 O-O 8. O-O Re8 9. f3 c6 10. Nc2 Na6 11. Be3 Nc7 12. Qd2 Qe7 13. Rad1 {E94: King's Indian: Classical: 6 Be2 e5 7 0-0: Various Black 7th moves.} d5 (13... Rd8 $16) 14. cxd5 $18 cxd5 15. exd5 {[#] d6 is the strong threat.White is clearly better.} Ncxd5 $146 (15... Qd6 $142 16. g4 Rd8) ({Predecessor:} 15... Bf5 16. d6 Qe6 17. Bf4 Bxc2 18. Qxc2 Ncd5 19. Bc4 Rac8 20. Nxd5 Nxd5 21. Qb3 Rxc4 22. Qxc4 Nxf4 23. Qxf4 Be5 24. Qd2 Qxa2 25. Rfe1 {1-0 (25) Seifert,V (2305)-Just,H (1950) Fuerth 2002}) 16. Nxd5 Nxd5 17. Qxd5 Bf5 18. Bd3 Rad8 19. Qb3 Bxd3 20. Rxd3 Rxd3 21. Qxd3 Rd8 22. Qb3 Qh4 23. Bf2 Qh5 24. Ne3 Rd2 (24... b6 $142 25. Qa3 Qc5 26. Qxc5 bxc5) 25. Rd1 Rxd1+ 26. Qxd1 {Black got outplayed after the opening} 1-0

[Event "Fagernes GM Swiss 2020"]
[Site "Fagernes"]
[Date "2020.10.11"]
[Round "9.15"]
[White "Vestby-Ellingsen, Mads"]
[Black "Machlik, Monika"]
[Result "1/2-1/2"]
[WhiteElo "2362"]
[BlackElo "2082"]
[Annotator "RC"]
[PlyCount "182"]
[EventDate "2020.10.04"]
[EventType "swiss"]
[EventCountry "NOR"]
[SourceTitle "playchess.com"]
[Source "ChessBase"]
[SourceQuality "1"]
[TimeControl "40/6000+30:2400+30"]

1. e4 {[%emt 0:00:14]} c6 {[%emt 0:00:00]} 2. d4 {[%emt 0:00:37]} d5 {[%emt 0:00:00]} 3. Nd2 {[%emt 0:00:13]} dxe4 {[%emt 0:00:00]} 4. Nxe4 {[%emt 0:00:11]} Bf5 {[%emt 0:00:00]} 5. Ng3 {[%emt 0:00:14]} Bg6 {[%emt 0:00:00]} 6. h4 {[%emt 0:00:09]} h6 {[%emt 0:00:02]} 7. Nf3 {[%emt 0:00:09]} Nd7 {[%emt 0:00:04]} 8. h5 {[%emt 0:00:09]} Bh7 {[%emt 0:00:02]} 9. Bd3 {[%emt 0:00:09]} Bxd3 {[%emt 0:00:03]} 10. Qxd3 {[%emt 0:00:10]} e6 {[%emt 0:00:07]} 11. Bd2 {[%emt 0:00:09]} Ngf6 {[%emt 0:00:29]} 12. O-O-O {[%emt 0:00:15]} Qc7 {[%emt 0:13:11]} 13. Ne4 {[%emt 0:00:34]} O-O-O {[%emt 0:00:06]} 14. g3 {[%emt 0:00:11]} Nc5 {[%emt 0:01:29]} 15. Nxc5 {[%emt 0:00:15]} Bxc5 {[%emt 0:00:02]} 16. c4 {[%emt 0:00:21]} Qe7 {[%emt 0:02:44]} 17. a3 {[%emt 0:00:20]} Ng4 {[%emt 0:06:23]} 18. Qe2 {[%emt 0:00:16]} Bd6 {[%emt 0:31:13]} 19. Nh4 {[%emt 0:00:43]} Nf6 {[%emt 0:00:27]} 20. Bc3 {[%emt 0:00:28]} Rhe8 {[%emt 0:05:38]} 21. Nf3 {[%emt 0:00:25]} Ng4 {[%emt 0:03:28]} 22. Kb1 {[%emt 0:02:28]} f5 {[%emt 0:02:09]} 23. Ne5 {[%emt 0:10:14]} Nxe5 {[%emt 0:03:07]} 24. dxe5 {[%emt 0:09:03]} Bc7 {[%emt 0:09:07]} 25. f4 {[%emt 0:03:07]} Rxd1+ {[%emt 0:03:38]} 26. Rxd1 {[%emt 0:01:11]} Rd8 {[%emt 0:01:03]} 27. Rxd8+ {[%emt 0:06:31]} Qxd8 {[%emt 0:02:37]} 28. Ka2 {[%emt 0:03:34]} Bb6 {[%emt 0:02:00]} 29. g4 {[%emt 0:08:15]} Qf8 {[%emt 0:02:11]} 30. g5 {[%emt 0:34:40]} Qf7 {[%emt 0:06:03]} 31. gxh6 {[%emt 0:13:53]} gxh6 {[%emt 0:00:06]} 32. Qg2 {[%emt 0:00:07]} Kd7 {[%emt 0:02:11]} 33. Bb4 {[%emt 0:00:25]} Bc7 {[%emt 0:01:57]} 34. Bd6 {[%emt 0:03:28]} Bd8 {[%emt 0:00:43]} 35. Qg1 {[%emt 0:05:05]} a6 {[%emt 0:07:43]} 36. Qa7 {[%emt 0:03:34]} Ke8 {[%emt 0:00:05]} 37. a4 {[%emt 0:06:43]} Qd7 {[%emt 0:01:06]} 38. Kb3 {[%emt 0:00:00]} Qg7 {[%emt 0:03:53]} 39. Ka2 {[%emt 0:00:00]} Qf7 {[%emt 0:01:39]} 40. Qg1 {[%emt 0:00:49]} Kd7 {[%emt 0:02:34]} 41. b3 {[%emt 0:05:05]} Ke8 {[%emt 0:08:33]} 42. Kb2 {[%emt 0:02:23]} Kd7 {[%emt 0:00:55]} 43. Qa7 {[%emt 0:02:37]} Ke8 {[%emt 0:00:08]} 44. Qb8 {[%emt 0:01:55]} Qd7 {[%emt 0:00:46]} 45. Qa8 {[%emt 0:05:23]} Kf7 {[%emt 0:00:18]} 46. Qa7 {[%emt 0:01:37]} Ke8 {[%emt 0:01:24]} 47. Qg1 {[%emt 0:00:40]} Qf7 {[%emt 0:02:02]} 48. Kc3 {[%emt 0:00:18]} Kd7 {[%emt 0:05:40]} 49. Qd1 {[%emt 0:11:18]} Ke8 {[%emt 0:02:13]} 50. Bc5 {[%emt 0:00:47]} Bc7 {[%emt 0:02:34]} 51. Qg1 {[%emt 0:00:38]} Bd8 {[%emt 0:05:36]} 52. Qd1 {[%emt 0:07:50]} Bc7 {[%emt 0:01:27]} 53. Kb2 {[%emt 0:00:07]} Qg7 {[%emt 0:01:30]} 54. Ka3 {[%emt 0:00:29]} Qf7 {[%emt 0:02:24]} 55. Qg1 {[%emt 0:00:29]} Bd8 {[%emt 0:01:00]} 56. Qg3 {[%emt 0:01:43]} Bc7 {[%emt 0:00:27]} 57. Qg2 {[%emt 0:00:11]} Bd8 {[%emt 0:00:38]} 58. Qg1 {[%emt 0:00:06]} Kd7 {[%emt 0:04:47]} 59. Qd4+ {[%emt 0:00:52]} Ke8 {[%emt 0:00:09]} 60. Kb4 {[%emt 0:00:46]} Qxh5 {[%emt 0:02:05]} 61. Bf8 {[%emt 0:03:12]} Qh1 {[%emt 0:03:10]} 62. Bc5 {[%emt 0:01:18]} Qe1+ {[%emt 0:00:55]} 63. Ka3 {[%emt 0:00:06]} Qc1+ {[%emt 0:01:00]} 64. Ka2 {[%emt 0:00:07]} Qc2+ {[%emt 0:00:48]} 65. Ka3 {[%emt 0:00:54]} Qc1+ {[%emt 0:00:36]} 66. Ka2 {[%emt 0:00:04]} Ba5 {[%emt 0:01:53]} 67. b4 {[%emt 0:00:58]} Qc2+ {[%emt 0:00:11]} 68. Ka3 {[%emt 0:00:05]} Qc1+ {[%emt 0:00:09]} 69. Ka2 {[%emt 0:00:11]} Qc2+ {[%emt 0:00:42]} 70. Ka3 {[%emt 0:00:14]} Bc7 {[%emt 0:00:57]} 71. Bb6 {[%emt 0:02:50]} Bxb6 {[%emt 0:00:34]} 72. Qxb6 {[%emt 0:00:04]} Qc3+ {[%emt 0:00:08]} 73. Ka2 {[%emt 0:00:03]} Qxc4+ {[%emt 0:00:15]} 74. Ka3 {[%emt 0:00:03]} Qc3+ {[%emt 0:00:39]} 75. Ka2 {[%emt 0:00:05]} Qd2+ {[%emt 0:00:10]} 76. Ka3 {[%emt 0:00:08]} Qd3+ {[%emt 0:00:14]} 77. Ka2 {[%emt 0:00:14]} Qd7 {[%emt 0:00:54]} 78. Qg1 {[%emt 0:00:28]} Qf7 {[%emt 0:00:49]} 79. Qa7 {[%emt 0:01:04]} Qd7 {[%emt 0:00:27]} 80. Qb8+ {[%emt 0:00:21]} Kf7 {[%emt 0:00:15]} 81. a5 {[%emt 0:01:50]} Kg7 {[%emt 0:00:53]} 82. Qa7 {[%emt 0:00:30]} Kh7 {[%emt 0:00:17]} 83. Qf2 {[%emt 0:00:47]} h5 {[%emt 0:00:28]} 84. Qh4 {[%emt 0:00:23]} Qd2+ {[%emt 0:01:06]} 85. Kb3 {[%emt 0:00:18]} Qd3+ {[%emt 0:00:20]} 86. Kb2 {[%emt 0:00:13]} Qd4+ {[%emt 0:00:33]} 87. Kb3 {[%emt 0:00:08]} Qd5+ {[%emt 0:00:29]} 88. Kc3 {[%emt 0:01:06]} Qf3+ {[%emt 0:00:07]} 89. Kd4 {[%emt 0:01:23]} Qd5+ {[%emt 0:00:27]} 90. Kc3 {[%emt 0:00:08]} Qf3+ {[%emt 0:00:49]} 91. Kd4 {[%emt 0:00:17]} Qd5+ {[%emt 0:01:19]} 1/2-1/2

[Event "Fagernes GM Swiss 2020"]
[Site "Fagernes"]
[Date "2020.10.11"]
[Round "9.16"]
[White "Kvaloy, Aksel Bu"]
[Black "Skotheim, Andreas"]
[Result "1/2-1/2"]
[WhiteElo "2174"]
[BlackElo "2120"]
[Annotator "NA"]
[PlyCount "96"]
[EventDate "2020.10.04"]
[EventType "swiss"]
[EventCountry "NOR"]
[SourceTitle "playchess.com"]
[Source "ChessBase"]
[SourceQuality "1"]
[TimeControl "40/6000+30:2400+30"]

{[%evp 8,95,23,25,19,17,15,37,23,29,24,34,34,41,32767,29,27,32767,33,36,32767,32767,32767,-17,-8,32767,32767,-48,-50,-38,-30,-58,32767,32767,32767,32767,629,-62,-48,-103,-83,-105,-79,-102,-58,-94,-106,-111,-97,-107,-98,-97,32767,-97,-118,-95,32767,32767,-143,32767,32767,32767,32767,-137,-127,-152,-39,-88,-92,-109,-118,-140,-66,32767,-125,-145,-56,32767,-42,-110,-81,32767,32767,32767,-107,-135,-115,-164,0,-3]} 1. e4 {[%emt 0:00:00]} e5 {[%emt 0:00:00]} 2. Nf3 {[%emt 0:00:00]} Nc6 {[%emt 0:00:17]} 3. Bb5 {[%emt 0:00:00]} a6 {[%emt 0:00:39]} 4. Ba4 {[%emt 0:00:00]} Nf6 {[%emt 0:00:32]} 5. O-O {[%emt 0:00:19]} Be7 {[%emt 0:00:16]} 6. Re1 {[%emt 0:00:10]} b5 {[%emt 0:00:44]} 7. Bb3 {[%emt 0:00:05]} d6 {[%emt 0:00:38]} 8. c3 {[%emt 0:00:13]} O-O {[%emt 0:00:31]} 9. h3 {[%emt 0:00:08]} Nb8 {[%emt 0:00:36]} 10. d4 {[%emt 0:00:19]} Nbd7 {[%emt 0:00:13]} 11. Nbd2 {[%emt 0:00:07]} Bb7 {[%emt 0:00:22]} 12. Bc2 {[%emt 0:00:15]} Re8 {[%emt 0:00:32]} 13. Nf1 {[%emt 0:00:27]} Bf8 {[%emt 0:00:22]} 14. Ng3 {[%emt 0:00:45]} g6 {[%emt 0:00:24]} 15. d5 {[%emt 0:05:30]} c6 {[%emt 0:03:18]} 16. dxc6 {[%emt 0:00:07]} Bxc6 {[%emt 0:00:06] [#]} 17. b4 $146 {[%emt 0:02:26] C92: Closed Ruy Lopez: 9...Be6, Karpov and Flohr-Zaitsev Variations.} ({Predecessor:} 17. a4 Nc5 18. axb5 axb5 19. Bg5 h6 20. Rxa8 Bxa8 21. Bd2 Bc6 22. b4 Ncd7 23. Qc1 Kh7 24. Bb3 d5 25. exd5 Bxd5 26. Bxd5 Nxd5 {½-½ (61) Sergeyeva,M (2332)-Pascua,H (2443) Bangkog 2018}) 17... Qc7 {[%emt 0:15:21]} 18. a4 {[%emt 0:07:38]} d5 {[%emt 0:09:54]} 19. axb5 {[%emt 0:01:19]} axb5 {[%emt 0:00:22]} 20. Ra4 {[%emt 1:30:12]} Ra6 21. Rxa6 {[%emt 0:00:00]} Bb7 {[%emt 1:15:23]} 22. Ra8 $2 ({White should play} 22. Ra7 $18) 22... Bxa8 {[%emt 0:00:00]} 23. Bb3 {[%emt 0:00:00]} Qxc3 {[%emt 0:00:00]} 24. Bd2 {[%emt 0:00:00]} Qc6 {[%emt 0:00:00]} 25. exd5 {[%emt 0:00:00]} Nxd5 {[%emt 0:00:00]} 26. Ne4 {[%emt 0:00:00]} h6 {[%emt 0:00:00]} ({But not} 26... Nxb4 27. Nfg5 $15) 27. Qb1 {[%emt 0:00:00]} N7b6 {[%emt 0:00:00]} 28. Nc5 {[%emt 0:00:00] [#]} Bg7 $1 {[%emt 0:00:00]} 29. Qa2 {[%emt 0:00:00]} Kh7 {[%emt 0:00:00]} 30. Rc1 {[%emt 0:00:00]} f5 {[%emt 0:00:00]} 31. Qa6 {[%emt 0:00:00]} Nc4 {[%emt 0:00:00]} 32. Qxc6 {[%emt 0:00:00]} Bxc6 {[%emt 0:00:00]} 33. Bxc4 {[%emt 0:00:00]} bxc4 {[%emt 0:00:00]} 34. Rxc4 {[%emt 0:00:00]} Bb5 {[%emt 0:00:00]} 35. Rc1 {[%emt 0:00:00]} e4 {[%emt 0:00:00]} 36. Nh2 {[%emt 0:00:00]} Nb6 {[%emt 0:02:40]} (36... Ra8 $17 37. Ne6 Bb2) 37. Bc3 {[%emt 0:00:00]} Bxc3 {[%emt 0:01:41]} 38. Rxc3 {[%emt 0:00:00]} Nd5 {[%emt 0:00:10]} 39. Rc1 {[%emt 0:00:00]} f4 {[%emt 0:02:14]} (39... Nxb4 $17 40. Nb3 Rd8) 40. Rd1 {[%emt 0:00:00] [#]} Nc3 $1 {[%emt 0:00:57]} ({But not} 40... Nxb4 $6 41. Ng4 $11) 41. Re1 {[%emt 0:37:29]} e3 {[%emt 0:41:02]} (41... g5 $17 42. Kh1 h5) 42. fxe3 {[%emt 0:02:35]} fxe3 {[%emt 0:00:57]} 43. Ng4 {[%emt 0:09:45]} ({White should play} 43. Nf3 $15) 43... Nd5 {[%emt 0:00:00]} 44. Nb3 {[%emt 0:00:00]} h5 {[%emt 0:00:00]} 45. Nd4 {[%emt 0:00:00]} Bc4 {[%emt 0:00:00]} 46. Nh2 {[%emt 0:00:00]} Nxb4 {[%emt 0:00:00]} 47. Nf1 {[%emt 0:00:00]} Re4 $2 {[%emt 0:00:00]} ({Better is} 47... Nd5 $19 48. Nh2 Nf4) 48. Nf3 $11 {[%emt 0:00:00]} Kg8 {[%emt 0:00:00]} 1/2-1/2

[Event "Fagernes GM Swiss 2020"]
[Site "Fagernes"]
[Date "2020.10.11"]
[Round "9.17"]
[White "Tenold, Andreas"]
[Black "Bentsen, Hakon"]
[Result "1/2-1/2"]
[WhiteElo "1935"]
[BlackElo "2120"]
[Annotator "TA"]
[PlyCount "55"]
[EventDate "2020.10.04"]
[EventType "swiss"]
[EventCountry "NOR"]
[SourceTitle "playchess.com"]
[Source "ChessBase"]
[SourceQuality "1"]

{[%evp 9,55,-8,-5,-5,-5,1,4,4,60,41,98,19,36,39,75,50,45,43,38,6,0,0,0,0,0,0,0,0,0,0,58,58,77,-97,-96,-110,-99,-94,0,3,4,0,0,12,12,13,9,0]} 1. d4 Nf6 2. c4 e6 3. Nc3 Bb4 4. f3 c5 5. d5 b5 6. e4 {E20: Nimzo-Indian: 4 g3 and 4 f3.} O-O {6...d6 is becoming the main line.} 7. Nh3 d6 8. Nf2 exd5 (8... Qb6 $11) 9. cxd5 $14 c4 (9... Qb6 $14) 10. Be3 (10. a4 $16) 10... Re8 11. Be2 {[#]} Bb7 $146 ({Predecessor:} 11... Ba5 12. O-O Bb6 13. Bxb6 Qxb6 14. a4 b4 15. Nb5 a6 16. Nd4 c3 17. bxc3 bxc3 {½-½ (51) Rajarishi,K (2036)-Rahul,S (2082) Bengaluru 2015}) 12. Qd2 Nbd7 13. O-O Qe7 14. Bd4 (14. Nfd1 {feels hotter.} Ba5 15. Rc1 Nc5 16. Bd4 b4 17. Nb1) 14... Bxd5 15. exd5 {Threatens to win with Rae1.} Bxc3 $1 16. Qxc3 Nxd5 ({Wrong is} 16... Qxe2 $2 17. Rae1 $18) 17. Qa5 {And now Bxc4! would win.} Qxe2 18. Rfe1 Qc2 {Strongly threatening ...Nf4.} 19. Qxb5 {[%mdl 64] Double Attack} N7f6 ({Better is} 19... Rxe1+ $1 $11 20. Rxe1 N7f6) 20. Ne4 $1 Reb8 {[#]} 21. Qc6 $2 (21. Qa5 $1 $16 {Rac1 is the strong threat.} Nxe4 22. Rac1 (22. Qxd5 Nc5 $16) (22. Rxe4 Nf6 $16)) 21... Nf4 $17 {[%csl Gf4][%cal Rc2g2]} 22. Nxf6+ gxf6 {[%csl Gf4][%cal Rc2g2]} 23. Bf2 {[#]} Qg6 (23... Nd3 $1 $17 24. Bd4 Nxe1 25. Rxe1 Qg6) 24. Bg3 $11 {The position is equal.} Nd3 $132 {[%mdl 2048] Black has counterplay} 25. Re4 {Hoping for Rg4.} f5 26. Rxc4 Ne5 27. Bxe5 $1 dxe5 28. Qxg6+ {Accuracy: White = 74%, Black = 71%.} 1/2-1/2

[Event "Fagernes GM Swiss 2020"]
[Site "Fagernes"]
[Date "2020.10.11"]
[Round "9.18"]
[White "Shehzad, Shazil"]
[Black "Mansoor, Afras"]
[Result "1-0"]
[WhiteElo "2188"]
[BlackElo "2117"]
[Annotator "TA"]
[PlyCount "81"]
[EventDate "2020.10.04"]
[EventType "swiss"]
[EventCountry "NOR"]
[SourceTitle "playchess.com"]
[Source "ChessBase"]
[SourceQuality "1"]

{[%evp 10,81,12,-6,8,7,12,-14,11,18,46,55,53,52,55,53,42,41,44,22,48,35,45,14,24,6,35,0,8,0,0,0,0,-19,6,0,0,-10,6,5,7,0,0,0,0,0,8,0,0,0,115,115,116,122,125,123,138,150,142,143,135,89,92,86,233,231,12834,12835,12835,12835,12837,12837,29993,29994]} 1. e4 e5 2. Nf3 Nc6 3. Bb5 Nf6 4. O-O Bc5 5. d3 d6 6. Be3 Bb6 {C65: Ruy Lopez: Berlin Defence (3...Nf6), unusual lines and 4 0-0 Bc5.} 7. Bxb6 axb6 8. d4 {[#] Strongly threatening d5.} Bd7 $146 {The position is equal.} (8... O-O {seems wilder.} 9. Nc3 Bg4 10. dxe5 Bxf3 11. Qxf3 dxe5 12. Bxc6 bxc6 13. Rfd1 Qe7) ({Predecessor:} 8... O-O 9. dxe5 Nxe5 10. Nc3 Bg4 11. Be2 Re8 12. Re1 Bxf3 13. Bxf3 Nxf3+ 14. Qxf3 Qe7 {½-½ (33) Timman,J (2576)-Winants,L (2497) Netherlands 2004}) 9. Nc3 Nxd4 10. Nxd4 exd4 11. Bxd7+ Qxd7 12. Qxd4 O-O 13. Rad1 Rfe8 14. Rfe1 Qc6 15. h3 h6 16. Kh1 Ra5 17. Re3 Qc5 18. Qd2 Qg5 19. Qd3 Rae5 20. Rde1 Qh4 {Hoping for ...Ng4.} 21. Qf1 Ng4 22. Rg3 Nf6 23. Rge3 $1 Ng4 24. R3e2 Nf6 25. g3 Qh5 26. f4 R5e7 27. Kg2 Qc5 28. Qf3 b5 29. a3 b4 (29... c6 $11) 30. axb4 $16 {[%mdl 64] [#] Overworked Piece} Qxb4 31. e5 dxe5 32. fxe5 Nd7 {[%cal Rd7e5]} 33. Nd5 $1 {[%csl LRb4,LRc7,LRe7][%mdl 64] Double Attack} Qxb2 {[%cal Re7e5]} 34. Nxe7+ Rxe7 35. Qd5 Nf8 36. Qd8 $36 {[%mdl 2048] Black is under strong pressure.} Rd7 {[#] Loses the game.} (36... Qb4 $16) 37. Qe8 $1 $18 Qc3 $2 (37... Qb4 38. e6 Re7 39. exf7+ Rxf7) 38. e6 Qc6+ 39. Kh2 fxe6 40. Rf1 Kh7 41. Rxf8 {Accuracy: White = 87%, Black = 58%.} 1-0

[Event "Fagernes GM Swiss 2020"]
[Site "Fagernes"]
[Date "2020.10.11"]
[Round "9.19"]
[White "Brodtkorb, Lars Johan"]
[Black "Fossan, Aleksander"]
[Result "1/2-1/2"]
[WhiteElo "2166"]
[BlackElo "2171"]
[Annotator "RC"]
[PlyCount "65"]
[EventDate "2020.10.04"]
[EventType "swiss"]
[EventCountry "NOR"]
[SourceTitle "playchess.com"]
[Source "ChessBase"]
[SourceQuality "1"]
[TimeControl "40/6000+30:2400+30"]

1. d4 {[%emt 0:39:34]} Nf6 {[%emt 0:00:15]} 2. c4 {[%emt 0:00:07]} g6 {[%emt 0:00:07]} 3. Nf3 {[%emt 0:00:12]} Bg7 {[%emt 0:00:59]} 4. e3 {[%emt 0:00:23]} O-O {[%emt 0:01:53]} 5. Be2 {[%emt 0:00:11]} d5 {[%emt 0:02:24]} 6. cxd5 {[%emt 0:00:28]} Nxd5 {[%emt 0:00:16]} 7. O-O {[%emt 0:00:28]} Nb6 {[%emt 0:04:28]} 8. e4 {[%emt 0:09:34]} Bg4 {[%emt 0:19:36]} 9. Nbd2 {[%emt 0:00:26]} e5 {[%emt 0:05:55]} 10. Nxe5 {[%emt 0:03:24]} Bxe2 {[%emt 0:01:23]} 11. Qxe2 {[%emt 0:00:03]} Qxd4 {[%emt 0:01:30]} 12. Ndf3 {[%emt 0:01:34]} Qb4 {[%emt 0:02:48]} 13. Nd3 {[%emt 0:10:12]} Qb5 {[%emt 0:02:34]} 14. Bf4 {[%emt 0:02:37]} Na6 {[%emt 0:21:49]} 15. Rad1 {[%emt 0:15:15]} Rfe8 {[%emt 0:03:12]} 16. Rfe1 {[%emt 0:00:40]} Rad8 {[%emt 0:01:38]} 17. Kf1 {[%emt 0:05:57]} c6 {[%emt 0:02:44]} 18. e5 {[%emt 0:11:04]} Rd5 {[%emt 0:05:13]} 19. b3 {[%emt 0:00:08]} Nc7 {[%emt 0:05:39]} 20. Bg3 {[%emt 0:01:12]} Ne6 {[%emt 0:01:35]} 21. Nb2 {[%emt 0:02:04]} Rxd1 {[%emt 0:02:24]} 22. Rxd1 {[%emt 0:00:14]} Qxe2+ {[%emt 0:00:22]} 23. Kxe2 {[%emt 0:00:02]} Nd5 {[%emt 0:00:13]} 24. Kf1 {[%emt 0:00:39]} Nc5 {[%emt 0:06:27]} 25. Nc4 {[%emt 0:02:27]} Ne4 {[%emt 0:00:34]} 26. Nd6 {[%emt 0:00:26]} Nxg3+ {[%emt 0:00:23]} 27. hxg3 {[%emt 0:00:02]} Re7 {[%emt 0:00:26]} 28. a4 {[%emt 0:00:44]} b6 {[%emt 0:03:02]} 29. Nc8 {[%emt 0:01:08]} Rd7 {[%emt 0:02:11]} 30. Ke1 {[%emt 0:00:05]} Bf8 {[%emt 0:00:30]} 31. Rd3 {[%emt 0:01:28]} Bb4+ {[%emt 0:06:22]} 32. Kf1 {[%emt 0:00:12]} h5 {[%emt 0:07:08]} 33. Nd4 {[%emt 0:00:58]} 1/2-1/2

[Event "Fagernes GM Swiss 2020"]
[Site "Fagernes"]
[Date "2020.10.11"]
[Round "9.20"]
[White "Fuglestein, Sander"]
[Black "Skaslien, Ingrid"]
[Result "1/2-1/2"]
[WhiteElo "2109"]
[BlackElo "1976"]
[Annotator "TA"]
[PlyCount "67"]
[EventDate "2020.10.04"]
[EventType "swiss"]
[EventCountry "NOR"]
[SourceTitle "playchess.com"]
[Source "ChessBase"]
[SourceQuality "1"]

{[%evp 31,67,35,33,28,34,34,18,0,16,20,20,18,68,37,30,31,13,32,37,0,17,14,18,18,14,0,24,33,93,68,121,103,94,0,0,0,0,-40]} 1. d4 Nf6 2. c4 e6 3. g3 d5 4. Nf3 Bb4+ 5. Bd2 Be7 6. Bg2 O-O 7. O-O c6 8. Qc2 Nbd7 9. b3 b6 10. Bf4 Nh5 11. Bc1 Nhf6 12. Rd1 Bb7 13. Nc3 Rc8 14. e4 dxe4 15. Nxe4 c5 16. Nxf6+ Bxf6 17. Ng5 {E08: Closed Catalan: Main Line: 7 Qc2.} Bxg5 18. Bxb7 Rc7 19. Bg2 cxd4 20. Bxg5 Qxg5 21. Rxd4 b5 {[#]} 22. Qe2 $146 (22. Qd1 $5 {[%cal Rd4d7]} Nf6 23. Rd8 $14) ({Predecessor:} 22. Qd1 Nb6 23. h4 Qc5 24. cxb5 Qxb5 25. a4 Qa5 26. Qd2 Qxd2 27. Rxd2 Nd7 28. b4 Rb8 29. b5 Kf8 30. f4 Ke7 31. Bc6 {½-½ (28) Fridman,D (2665)-Beliavsky,A (2662) Netanya 2009}) 22... bxc4 23. Rxc4 Rfc8 24. Rxc7 Rxc7 25. Rd1 h6 26. b4 Nb6 27. h4 Qf6 28. b5 Na4 {[#] ...Nc3! is the strong threat.} 29. Rd6 g6 (29... Nc3 $14 30. Qd3 Qf5) 30. Bc6 Nc3 (30... Kg7 $14) 31. Qd2 Qe5 32. Rd7 (32. Rd8+ $16 Kh7 33. Rd7) 32... Rxd7 $11 33. Qxd7 Qc5 34. h5 {Accuracy: White = 75%, Black = 75%.} 1/2-1/2